Представление документа в формате RUSMARC

ПолеНазваниеЗначение
  Тип записи a
  Библиографический уровень a
001 Контрольный номер RU/CBS_UL/BASE/2cdf7ee7fe1b443682dbb3a0a267f5f1
005 Дата корректировки 20251001115437.8
100 Данные общей обработки __
a Данные общей обработки 20251001 ||| 0rusy0189 ca
101 Язык документа 0_
a Язык текста rus
102 Страна публикации __
a Страна публикации RU
200 Заглавие и сведения об ответственности 1_
a Заглавие Полипы кишечника: есть ли опасность?
e Сведения, относящиеся к заглавию [чем опасны полипы кишечника]
f Первые сведения об ответственности В. Кириллов
300 Общие примечания __
a Общие примечания 16+
461 Уровень набора _0
1 2000
a 60 лет - не возраст
463 Уровень физической единицы _0
1 2000
a № 8
v С. 30-35 : фото
1 2101
d 2025
1 001RU/CBS_UL/BASE/636753c35c8445a5a13bdd0dfebe3fbd
606 Тематические рубрики 0_
a Основная рубрика Кишечник - Болезни
610 Ключевые слова 0_
a Ключевые слова полипы
610 Ключевые слова 0_
a Ключевые слова полипы кишечника
610 Ключевые слова 0_
a Ключевые слова виды полипов кишечника
610 Ключевые слова 0_
a Ключевые слова типы полипов кишечника
610 Ключевые слова 0_
a Ключевые слова диагностика полипов кишечника
610 Ключевые слова 0_
a Ключевые слова лечение полипов кишечника
686 Индексы других классификаций __
2 Код системы rubbk
a Классификационный индекс 54.133
700 Автор _1
a Фамилия Кириллов
b Имя (инициалы) В.
801 Источник записи _0
a Страна RU
b Организация МБУК ЦБС г. Ульяновска
c Дата составления 20251001
g Правила каталогизации RCR
801 Источник записи _1
a Страна RU
b Организация МБУК ЦБС г. Ульяновска
c Дата составления 20251001
g Правила каталогизации RCR
901 Тип документа __
t Тип документа b
w Контрольный № источника RU/CBS_UL/BASE/636753c35c8445a5a13bdd0dfebe3fbd
909 Создатель записи __
a Создатель записи lib2